| 000 | 00438pab a2200145 454500 | ||
|---|---|---|---|
| 008 | 180718b2003 xxu||||| |||| 00| 0 eng d | ||
| 100 | _aKabra, Asmita | ||
| 245 | _aDisplacement and rehabilitation of an adivasi settlement: case of Kuno wildlife sanctuary, Madhya Pradesh | ||
| 260 | _c2003 | ||
| 300 | _ap.3073-078. | ||
| 362 | _a19 Jul | ||
| 650 | _aIndigenous populations | ||
| 773 | _aEconomic and Political Weekly | ||
| 909 | _a57668 | ||
| 999 |
_c57668 _d57668 |
||